Suomen 15 yleisintä sukunimeä - Äkkikuolema - Statistics

Yleistilastot
  • Tätä visaa on pelattu 543 kertaa
  • Keskiarvotulos 5 / 15
Answers on the Grid
Answers color-coded by a green-red scale on the quiz's grid according to % correct below.
Mäkinen
Heinonen
Mäkelä
Heikkilä
Hämäläinen
Virtanen
Kinnunen
Järvinen
Salonen
Turunen
Korhonen
Lehtinen
Laine
Salo
Laitinen
Nieminen
Karjalainen
Heikkinen
Rantanen
Koskinen
Lehtonen
Tuominen
Saarinen
Mattila
Jokinen
Niemi
Savolainen
Salminen
Ojala
Ahonen
 
Vastaustilastot
Vastaus % Oikein
Virtanen
66%
Korhonen
63%
Mäkinen
52%
Nieminen
47%
Järvinen
39%
Hämäläinen
33%
Mäkelä
33%
Laine
30%
Heikkinen
26%
Koskinen
25%
Lehtinen
21%
Saarinen
21%
Niemi
17%
Lehtonen
16%
Salminen
16%
Ehtoja vastaavia visoja ei löytynyt
Tulosjakauma
Jokaisen tuloksen saaneiden osuus
Persentiili vastausten määrän mukaan
Tuloshistoriasi
Et ole pelannut tätä visaa